Normal view
MARC view
Entry Topical Term
001 - CONTROL NUMBER
- control field: 14274
003 - CONTROL NUMBER IDENTIFIER
- control field: OSt
005 - DATE AND TIME OF LATEST TRANSACTION
- control field: 20210519111850.0
008 - FIXED-LENGTH DATA ELEMENTS
- fixed length control field: 210519|| aca||aabn | a|a d
040 ## - CATALOGING SOURCE
- Original cataloging agency: OSt
- Transcribing agency: OSt
150 ## - HEADING--TOPICAL TERM
- Topical term or geographic name entry element: Professional ethics
670 ## - SOURCE DATA FOUND
- Source citation: Work cat.: (OSt): edited by: Eckenwiler, Lisa A. ; Cohn,Felicia G. 14273, The Ethics of Bioethics :, 2007
